[Event "Landesklasse Ost 2024/25"]
[Site "?"]
[Date "2025.01.19"]
[Round "5.2"]
[White "Wentzel, Florian"]
[Black "McLeod, Andrew"]
[Result "1-0"]
[WhiteElo "2032"]
[BlackElo "1838"]
[PlyCount "107"]
[EventDate "2024.09.15"]
[EventType "team-tourn"]
[EventRounds "9"]
[WhiteTeam "TV 1887 Germania Hermsdorf"]
[BlackTeam "SC Turm Erfurt"]

{[%evp 0,107,32,44,46,66,39,17,5,21,74,10,34,26,39,50,59,45,40,59,55,52,58,-13,0,6,2,-6,10,-13,11,11,4,8,54,7,44,29,23,26,64,83,98,98,84,94,92,96,92,121,121,118,125,111,132,132,114,119,176,85,65,54,20,18,26,52,48,44,71,49,31,73,51,53,57,50,69,71,80,61,58,52,52,60,48,51,59,56,75,84,146,123,122,96,94,123,151,158,320,274,273,367,383,510,607,878,940,717,618,798]} 1. e4 c5 2. Nf3 Nc6 3. d4 cxd4 4. Nxd4 g6 5. c4 Bg7 6. Be3 Qb6 7. Nb3 Qd8 8. Nc3 Bxc3+ 9. bxc3 Nf6 10. f3 d6 11. Bd4 O-O 12. c5 dxc5 13. Bxc5 Qc7 14. Be2 b6 15. Bf2 e5 16. O-O Rd8 17. Qc1 Kg7 18. c4 Ba6 19. Qa3 Na5 20. Nxa5 bxa5 21. Rfd1 Rac8 22. Be3 Ne8 23. Qb2 f6 24. c5 Bxe2 25. Qxe2 Qc6 26. Rxd8 Rxd8 27. Rd1 Rxd1+ 28. Qxd1 Nc7 29. Qd6 Qxd6 30. cxd6 Ne6 31. Bxa7 a4 32. Kf1 Kf7 33. Ke1 f5 34. Be3 Ke8 35. Kd2 fxe4 36. fxe4 Kd7 37. Kc3 Nd8 38. Kb4 Nb7 39. Kxa4 Nxd6 40. Kb4 Nxe4 41. a4 Kc6 42. a5 Nf6 43. Kc4 Ng4 44. Bg1 h5 45. a6 Nf6 46. a7 Kb7 47. Kc5 g5 48. Kd6 Ng4 49. h3 Nh6 50. Kxe5 g4 51. h4 Nf7+ 52. Kf6 Nd8 53. g3 Nc6 54. Kg5 1-0

[Event "Landesklasse Ost 2024/25"]
[Site "?"]
[Date "2025.01.19"]
[Round "5.3"]
[White "Schade, Holger"]
[Black "Rohde, Frederik"]
[Result "1-0"]
[WhiteElo "1770"]
[BlackElo "1752"]
[PlyCount "63"]
[EventDate "2024.09.15"]
[EventType "team-tourn"]
[EventRounds "9"]
[WhiteTeam "SC Turm Erfurt"]
[BlackTeam "TV 1887 Germania Hermsdorf"]

{[%evp 0,63,32,25,32,-17,-11,-27,58,72,45,59,92,93,105,73,76,68,77,47,47,43,32,16,60,41,52,36,42,30,39,-14,21,-48,57,17,17,-70,-52,-75,-99,-107,-87,-91,-105,-137,-196,-178,-208,-197,-236,-228,-220,-263,-298,-296,159,135,228,231,248,260,371,408,436,412]} 1. d4 d5 2. c4 e6 3. Nc3 f5 4. Bf4 Nf6 5. e3 c6 6. Nf3 Bd6 7. Bxd6 Qxd6 8. Qc2 O-O 9. Be2 Ne4 10. O-O Nd7 11. Nd2 Rf6 12. f4 Rh6 13. Ndxe4 fxe4 14. c5 Qe7 15. g4 g5 16. Rf2 Qg7 17. Raf1 gxf4 18. Rxf4 e5 19. dxe5 Nxe5 20. Qd1 Be6 21. R1f2 Nf7 22. Bf1 Rg6 23. Rg2 Ng5 24. Rg3 Nf3+ 25. Kh1 Bxg4 26. Be2 Qh6 27. Rg2 Rf8 28. Rfxg4 Rxg4 29. Rxg4+ Kh8 30. Bxf3 Qxe3 31. Bg2 Qf2 32. Qg1 1-0

[Event "Landesklasse Ost 2024/25"]
[Site "?"]
[Date "2025.01.19"]
[Round "5.4"]
[White "Baulig, Manuel"]
[Black "Strohner, Maximilian"]
[Result "1-0"]
[WhiteElo "1909"]
[BlackElo "1771"]
[PlyCount "79"]
[EventDate "2024.09.15"]
[EventType "team-tourn"]
[EventRounds "9"]
[WhiteTeam "TV 1887 Germania Hermsdorf"]
[BlackTeam "SC Turm Erfurt"]

{[%evp 0,79,32,32,13,15,13,27,16,12,12,12,25,27,23,8,8,15,31,-13,33,21,12,-15,9,-13,23,20,20,0,118,-21,74,49,175,168,164,177,189,195,186,238,228,268,262,262,429,276,276,146,146,143,178,123,130,-63,153,173,230,135,158,177,279,184,390,213,244,256,265,303,399,369,369,387,389,353,371,449,464,459,523,570]} 1. d4 d5 2. Nf3 e6 3. Bf4 Bd6 4. Bg3 Nf6 5. e3 c5 6. dxc5 Bxc5 7. Be2 O-O 8. O-O b6 9. Nbd2 Nbd7 10. Rc1 Bb7 11. h3 Qe7 12. c4 Rac8 13. cxd5 Nxd5 14. a3 Rfd8 15. Qa4 N7f6 16. b4 Bc6 17. Qb3 Bd6 18. Bxd6 Qxd6 19. Ba6 Rb8 20. e4 Nc7 21. e5 Qd7 22. exf6 Ba4 23. Qc4 Nxa6 24. Qg4 g6 25. Qh4 Qe8 26. Ng5 h5 27. g4 Qf8 28. Ndf3 Qh6 29. gxh5 Rd5 30. Kh2 Rf5 31. Rg1 Rxf6 32. hxg6 Qxh4 33. gxf7+ Kf8 34. Nxh4 Rd8 35. Nh7+ Kxf7 36. Nxf6 Kxf6 37. Rc3 Rd2 38. Rg6+ Ke7 39. Rg7+ Kd6 40. Rxa7 1-0

[Event "Landesklasse Ost 2024/25"]
[Site "?"]
[Date "2025.01.19"]
[Round "5.5"]
[White "Stöcklein, Paul"]
[Black "Moje, Hans-Jürgen"]
[Result "1-0"]
[WhiteElo "1634"]
[BlackElo "1823"]
[PlyCount "112"]
[EventDate "2024.09.15"]
[EventType "team-tourn"]
[EventRounds "9"]
[WhiteTeam "SC Turm Erfurt"]
[BlackTeam "TV 1887 Germania Hermsdorf"]

{[%evp 0,112,42,43,20,31,24,8,28,-14,3,3,25,6,-3,-2,-2,-6,5,1,-10,-11,52,37,28,39,50,46,51,50,123,117,139,118,129,108,115,108,107,103,122,126,149,145,145,150,145,145,163,135,156,155,149,153,154,140,155,143,137,145,151,149,155,108,140,140,146,145,169,153,149,144,144,149,144,144,144,131,144,148,148,138,195,166,165,167,179,163,154,155,156,169,197,196,205,196,226,190,185,189,257,260,268,287,301,301,306,354,414,519,1168,1313,1442,1509,29987]} 1. e4 e5 2. Nf3 Nc6 3. Bb5 a6 4. Ba4 Nf6 5. O-O Be7 6. Re1 b5 7. Bb3 O-O 8. a4 b4 9. d3 d6 10. Nbd2 Nd4 11. Nxd4 exd4 12. h3 Be6 13. Bxe6 fxe6 14. e5 Ne8 15. Qg4 Rf5 16. Qxd4 c5 17. Qc4 d5 18. Qg4 h5 19. Qe2 Bh4 20. Nf3 Ra7 21. g3 Be7 22. h4 Nc7 23. d4 Qf8 24. Bg5 c4 25. Bxe7 Qxe7 26. Ng5 g6 27. b3 c3 28. Qd3 Ra8 29. Re3 Ne8 30. Rf3 Ng7 31. Kg2 Qf8 32. Rxf5 Qxf5 33. Qxf5 gxf5 34. Kf3 a5 35. Kf4 Kf8 36. Nh3 Kf7 37. Kg5 Rh8 38. Nf4 Rh7 39. Rf1 Rh8 40. f3 Rh7 41. Rd1 Rh8 42. Nd3 Ne8 43. Rg1 Rg8+ 44. Kf4 Ng7 45. Nc5 Rd8 46. Kg5 Rg8 47. Nb7 f4 48. Nd6+ Ke7 49. Kxf4 Rf8+ 50. Ke3 Nf5+ 51. Nxf5+ Rxf5 52. g4 hxg4 53. fxg4 Rf8 54. g5 Rh8 55. g6 Rxh4 56. g7 Re4+ 1-0

[Event "Landesklasse Ost 2024/25"]
[Site "?"]
[Date "2025.01.19"]
[Round "5.6"]
[White "Hadlich, Gerald"]
[Black "Waldhelm, Bernward"]
[Result "1-0"]
[WhiteElo "1751"]
[BlackElo "1606"]
[PlyCount "103"]
[EventDate "2024.09.15"]
[EventType "team-tourn"]
[EventRounds "9"]
[WhiteTeam "TV 1887 Germania Hermsdorf"]
[BlackTeam "SC Turm Erfurt"]

{[%evp 0,103,43,32,15,16,22,27,66,9,35,21,73,68,50,27,17,19,29,24,43,37,59,32,43,9,52,21,21,15,28,18,44,48,52,34,11,12,16,20,23,0,58,5,41,25,23,-4,5,6,46,51,130,126,128,128,148,92,111,95,107,101,103,26,103,61,147,136,129,132,128,130,135,126,123,127,127,116,137,139,167,137,146,150,141,161,161,155,181,181,173,381,709,724,874,982,1002,1002,1012,1012,1012,1012,1022,1450,1894,1964]} 1. d4 d5 2. Bf4 Nf6 3. e3 c5 4. c3 e6 5. Nd2 b6 6. Ngf3 Be7 7. Bd3 O-O 8. Ne5 Ba6 9. Bxa6 Nxa6 10. O-O Nc7 11. h3 Nce8 12. a4 c4 13. b3 cxb3 14. Qxb3 Nd6 15. Nc6 Qd7 16. Nxe7+ Qxe7 17. Qa3 Rfd8 18. c4 dxc4 19. Nxc4 Nf5 20. Qb3 Ne4 21. Qd3 Nc5 22. Qa3 Ne4 23. Qb2 Rac8 24. Rfc1 f6 25. a5 Qb7 26. axb6 axb6 27. Qxb6 Qc6 28. Qxc6 Rxc6 29. Na5 Rxc1+ 30. Rxc1 Ra8 31. Nb3 Ra2 32. Nc5 e5 33. dxe5 Nxf2 34. exf6 gxf6 35. Rf1 Rc2 36. Rxf2 Rxc5 37. Ra2 Kf7 38. Kf2 Rc6 39. g4 Nh4 40. Kg3 Ng6 41. Ra7+ Ne7 42. h4 Re6 43. Kf3 Kg7 44. Rd7 Kf7 45. Bd6 Ke8 46. Rxe7+ Rxe7 47. Bxe7 Kxe7 48. Kf4 Kf7 49. Kf5 Kg7 50. e4 h6 51. Ke6 Kg6 52. Ke7 1-0

[Event "Landesklasse Ost 2024/25"]
[Site "?"]
[Date "2025.01.19"]
[Round "5.7"]
[White "Müller, Winfried"]
[Black "Hädrich, Dirk"]
[Result "1-0"]
[WhiteElo "1595"]
[BlackElo "1801"]
[PlyCount "61"]
[EventDate "2024.09.15"]
[EventType "team-tourn"]
[EventRounds "9"]
[WhiteTeam "SC Turm Erfurt"]
[BlackTeam "TV 1887 Germania Hermsdorf"]

{[%evp 0,61,42,29,50,23,26,36,115,116,164,98,164,85,86,56,76,54,35,45,58,55,56,56,56,17,69,41,46,35,85,52,51,18,76,11,9,-11,44,62,72,63,166,74,78,40,87,12,13,20,117,64,132,128,195,113,253,263,372,223,223,214,710,720]} 1. e4 e6 2. d4 d5 3. Nc3 c5 4. exd5 cxd4 5. Qxd4 Nf6 6. Be3 Nxd5 7. Nxd5 Qxd5 8. O-O-O Qxd4 9. Bxd4 Bd7 10. Nf3 Nc6 11. Be3 Be7 12. Be2 Bf6 13. Bg5 Bxg5+ 14. Nxg5 f6 15. Ne4 Ke7 16. Rhe1 Ne5 17. g3 Bc6 18. f4 Nf7 19. Nc5 e5 20. Bc4 Nd6 21. Bb3 e4 22. g4 b6 23. Na4 g6 24. Nc3 f5 25. Nd5+ Kd7 26. gxf5 gxf5 27. Ne3 Ke7 28. Rg1 Be8 29. Nd5+ Kf8 30. Nc7 Rd8 31. Ne6+ 1-0

[Event "Landesklasse Ost 2024/25"]
[Site "?"]
[Date "2025.01.19"]
[Round "5.8"]
[White "Pietsch, Karsten"]
[Black "Grüner, Nico"]
[Result "1/2-1/2"]
[WhiteElo "1718"]
[BlackElo "1565"]
[PlyCount "59"]
[EventDate "2024.09.15"]
[EventType "team-tourn"]
[EventRounds "9"]
[WhiteTeam "TV 1887 Germania Hermsdorf"]
[BlackTeam "SC Turm Erfurt"]

{[%evp 0,59,29,15,27,-16,55,38,37,37,37,38,38,14,5,15,78,11,83,-21,-8,-30,30,-20,15,61,48,-16,52,43,62,68,53,3,8,8,69,74,117,102,103,39,125,103,118,102,117,99,117,102,111,68,83,76,73,71,73,82,91,31,56,59]} 1. d4 Nf6 2. c4 g6 3. Nc3 Bg7 4. e4 d6 5. Be2 O-O 6. Bg5 Nbd7 7. Qd2 c6 8. h4 Qc7 9. g4 e5 10. d5 a6 11. Rc1 Nc5 12. f3 a5 13. Nh3 Ne8 14. Nf2 f5 15. gxf5 gxf5 16. Nd3 fxe4 17. fxe4 Nxd3+ 18. Qxd3 Qf7 19. Qg3 Kh8 20. Rf1 Qg8 21. Kd2 Bd7 22. Qe3 Bf6 23. Rg1 Qf7 24. Rcf1 Qe7 25. Nd1 cxd5 26. cxd5 Rc8 27. Nc3 Nc7 28. Bxf6+ Rxf6 29. Rxf6 Qxf6 30. h5 1/2-1/2

[Event "Landesklasse Ost 2024/25"]
[Site "?"]
[Date "2025.01.19"]
[Round "5.1"]
[White "Greiner, Timo"]
[Black "Kania, Markus"]
[Result "1/2-1/2"]
[WhiteElo "2024"]
[BlackElo "2064"]
[PlyCount "53"]
[EventDate "2024.09.15"]
[EventType "team-tourn"]
[EventRounds "9"]
[WhiteTeam "SV Thuringia Königsee"]
[BlackTeam "MTV 1876 Saalfeld"]

1. e4 c6 2. d4 d5 3. Nc3 dxe4 4. Nxe4 Nf6 5. Nxf6+ exf6 6. c3 Bd6 7. Bd3 O-O 8. Qc2 Re8+ 9. Ne2 h5 10. O-O h4 11. Re1 Nd7 12. Bf4 Nf8 13. Bxd6 Qxd6 14. h3 Bd7 15. Qd2 Ne6 16. Bf5 Rad8 17. Bxe6 fxe6 18. Qf4 Qxf4 19. Nxf4 Kf7 20. Nd3 Bc8 21. Re3 g5 22. Rae1 Rd5 23. R1e2 b6 24. f4 Ba6 25. fxg5 Rxg5 26. Rf2 Bxd3 27. Rxd3 1/2-1/2

[Event "Landesklasse Ost 2024/25"]
[Site "?"]
[Date "2025.01.19"]
[Round "5.2"]
[White "Bellmann, Daniel"]
[Black "Kreutzmann, Henry"]
[Result "1/2-1/2"]
[WhiteElo "1814"]
[BlackElo "1801"]
[PlyCount "51"]
[EventDate "2024.09.15"]
[EventType "team-tourn"]
[EventRounds "9"]
[WhiteTeam "MTV 1876 Saalfeld"]
[BlackTeam "SV Thuringia Königsee"]

1. e4 c5 2. c3 Nc6 3. Nf3 e6 4. d4 d5 5. exd5 Qxd5 6. Bb5 Bd7 7. O-O cxd4 8. Qe2 Nf6 9. Rd1 Bc5 10. Be3 O-O 11. Bxd4 Bxd4 12. cxd4 Rfd8 13. Nc3 Qh5 14. Rd2 Rac8 15. Ba4 a6 16. Rad1 Ne7 17. Bxd7 Rxd7 18. Na4 Ned5 19. Nc5 Rdc7 20. g3 Qg4 21. Kh1 Ne7 22. Qd3 Qf5 23. Re2 Qd5 24. b3 h6 25. Kg1 Nf5 26. Na4 1/2-1/2

[Event "Landesklasse Ost 2024/25"]
[Site "?"]
[Date "2025.01.19"]
[Round "5.3"]
[White "Möller, Frank"]
[Black "Böhl, Dietmar"]
[Result "0-1"]
[WhiteElo "1856"]
[BlackElo "1805"]
[PlyCount "78"]
[EventDate "2024.09.15"]
[EventType "team-tourn"]
[EventRounds "9"]
[WhiteTeam "SV Thuringia Königsee"]
[BlackTeam "MTV 1876 Saalfeld"]

1. c4 Nf6 2. Nc3 c5 3. g3 Nc6 4. Bg2 e6 5. e4 Be7 6. Nf3 d5 7. cxd5 exd5 8. exd5 Nxd5 9. O-O Be6 10. d3 O-O 11. Re1 Bf6 12. Ne4 Nd4 13. Nxf6+ Qxf6 14. Nxd4 cxd4 15. Qh5 g6 16. Qd1 Qd8 17. Bh6 Re8 18. Qd2 Qd7 19. Rac1 Rac8 20. Rxc8 Rxc8 21. Bxd5 Bxd5 22. Qf4 Qh3 23. f3 Bxf3 24. Qxf3 Qxh6 25. Re2 Qh3 26. Qf2 Rc1+ 27. Re1 Rxe1+ 28. Qxe1 Qe6 29. Qb1 Qe2 30. b4 Qd2 31. Qb3 Qc3 32. Qc4 Qxc4 33. dxc4 Kg7 34. Kf2 Kf6 35. Ke2 Ke5 36. Kd3 f5 37. a4 g5 38. c5 Kd5 39. a5 a6 0-1

[Event "Landesklasse Ost 2024/25"]
[Site "?"]
[Date "2025.01.19"]
[Round "5.4"]
[White "Wagner, Ronald"]
[Black "Häusler, Willi"]
[Result "1/2-1/2"]
[WhiteElo "1775"]
[BlackElo "1710"]
[PlyCount "75"]
[EventDate "2024.09.15"]
[EventType "team-tourn"]
[EventRounds "9"]
[WhiteTeam "MTV 1876 Saalfeld"]
[BlackTeam "SV Thuringia Königsee"]

1. e4 e5 2. Nf3 Nc6 3. Bb5 a6 4. Ba4 Nf6 5. O-O b5 6. Bb3 Be7 7. c3 Nxe4 8. Re1 Nc5 9. Nxe5 Nxe5 10. Rxe5 Nxb3 11. axb3 d5 12. d4 O-O 13. Nd2 Bd6 14. Re1 Qh4 15. Nf1 Bg4 16. Qd3 Rae8 17. Bd2 Rxe1 18. Rxe1 Bd7 19. b4 f5 20. Qf3 c6 21. g3 Qg4 22. Qxg4 fxg4 23. Bg5 Re8 24. Rxe8+ Bxe8 25. Nd2 Kf7 26. Kf1 Kg6 27. Bd8 Kf5 28. Ke2 Bd7 29. Ke3 g6 30. Nb3 Bf8 31. Nc5 Bc8 32. Bc7 Be7 33. Bf4 h5 34. Nd3 Kf6 35. Nc5 Bd8 36. Nb3 Kf5 37. Na5 Bd7 38. Nb3 1/2-1/2

[Event "Landesklasse Ost 2024/25"]
[Site "?"]
[Date "2025.01.19"]
[Round "5.5"]
[White "Steiger, Bernd"]
[Black "Möbius, Paul"]
[Result "1-0"]
[WhiteElo "1783"]
[BlackElo "1495"]
[PlyCount "35"]
[EventDate "2024.09.15"]
[EventType "team-tourn"]
[EventRounds "9"]
[WhiteTeam "SV Thuringia Königsee"]
[BlackTeam "MTV 1876 Saalfeld"]

1. e4 e5 2. Nf3 b6 3. Bc4 Bd6 4. d4 Ba6 5. Bxa6 Nxa6 6. dxe5 Bc5 7. O-O h6 8. c3 Qe7 9. Qa4 Nb8 10. b4 b5 11. Qxb5 Bb6 12. a4 a6 13. Qd5 Nc6 14. Nbd2 f6 15. Nc4 Ba7 16. Na5 Rd8 17. Nxc6 dxc6 18. Qxc6+ 1-0

[Event "Landesklasse Ost 2024/25"]
[Site "?"]
[Date "2025.01.19"]
[Round "5.6"]
[White "Müller, Jürgen"]
[Black "Quandt, Friedbert"]
[Result "1-0"]
[WhiteElo "1766"]
[BlackElo "1655"]
[PlyCount "75"]
[EventDate "2024.09.15"]
[EventType "team-tourn"]
[EventRounds "9"]
[WhiteTeam "MTV 1876 Saalfeld"]
[BlackTeam "SV Thuringia Königsee"]

1. e4 c5 2. Nc3 a6 3. f4 d6 4. Nf3 Bg4 5. Be2 Nc6 6. O-O g6 7. d3 Bg7 8. Bd2 Nf6 9. h3 Bxf3 10. Bxf3 Nd4 11. Be3 Nxf3+ 12. Qxf3 O-O 13. d4 cxd4 14. Bxd4 Nd7 15. Bxg7 Kxg7 16. Qe3 Qb6 17. Qxb6 Nxb6 18. Rf2 Rac8 19. Nd5 Nxd5 20. exd5 Rc5 21. Rd1 Rfc8 22. c3 b5 23. Rd4 Rc4 24. Rfd2 a5 25. a3 f6 26. g3 Kf7 27. Kf2 a4 28. Kf3 f5 29. Ke3 Kf6 30. g4 h6 31. Kf3 Rxd4 32. Rxd4 Rc5 33. Kg3 e6 34. dxe6 Kxe6 35. gxf5+ gxf5 36. Kh4 Rc4 37. Rxc4 bxc4 38. Kh5 1-0

[Event "Landesklasse Ost 2024/25"]
[Site "?"]
[Date "2025.01.19"]
[Round "5.7"]
[White "Margraf, Moritz"]
[Black "Pods, Werner"]
[Result "0-1"]
[WhiteElo "1448"]
[BlackElo "1552"]
[PlyCount "76"]
[EventDate "2024.09.15"]
[EventType "team-tourn"]
[EventRounds "9"]
[WhiteTeam "SV Thuringia Königsee"]
[BlackTeam "MTV 1876 Saalfeld"]

1. d4 Nf6 2. Nf3 g6 3. Nc3 Bg7 4. e4 d6 5. Be3 O-O 6. Be2 Ng4 7. Qd2 Nxe3 8. Qxe3 a6 9. h4 Bg4 10. O-O-O b5 11. Ng5 Bxe2 12. Qxe2 Nc6 13. Nf3 e5 14. dxe5 Nxe5 15. Nxe5 Bxe5 16. Qe3 Qf6 17. g3 b4 18. Na4 Qe6 19. b3 c5 20. h5 Ra7 21. h6 Bd4 22. Rxd4 cxd4 23. Qxd4 Qe5 24. Qxa7 Qa1+ 25. Kd2 Qxh1 26. Qxa6 Qxh6+ 27. Kd3 Qc1 28. Qb6 Rc8 29. Qxb4 Qxc2+ 30. Ke3 Qxa2 31. Nc3 Qa7+ 32. Ke2 Qc7 33. Nd5 Qc2+ 34. Ke3 Qc5+ 35. Qxc5 Rxc5 36. Nf6+ Kg7 37. Nd5 f5 38. Ne7 Re5 0-1

[Event "Landesklasse Ost 2024/25"]
[Site "?"]
[Date "2025.01.19"]
[Round "5.8"]
[White "Ratay, Meike"]
[Black "Müller, Finn"]
[Result "1-0"]
[WhiteElo "1912"]
[BlackElo "1374"]
[PlyCount "80"]
[EventDate "2024.09.15"]
[EventType "team-tourn"]
[EventRounds "9"]
[WhiteTeam "MTV 1876 Saalfeld"]
[BlackTeam "SV Thuringia Königsee"]

1. e4 c6 2. Nc3 d5 3. f4 dxe4 4. Nxe4 Bf5 5. Nf2 h6 6. Nf3 Nf6 7. Bd3 Bxd3 8. Nxd3 e6 9. b3 Qc7 10. Bb2 Nbd7 11. Qe2 O-O-O 12. O-O-O Bd6 13. Nfe5 Bxe5 14. Nxe5 Nb6 15. Rhf1 Rhf8 16. g4 Nbd5 17. g5 Ne8 18. g6 f6 19. Nf7 Rd7 20. Qxe6 Nxf4 21. Rxf4 Qxf4 22. Ba3 Qd4 23. c3 Nc7 24. Qf5 Qd5 25. Qxd5 Rxd5 26. Bxf8 Ne6 27. Bd6 Kd7 28. Bg3 Nf8 29. Nxh6 Nxg6 30. Ng4 Rg5 31. Ne3 f5 32. Rf1 Ke6 33. d4 a6 34. Kd2 b6 35. c4 b5 36. d5+ cxd5 37. cxd5+ Kf6 38. d6 f4 39. Bxf4 Nxf4 40. Rxf4+ Ke5 1-0

[Event "Landesklasse Ost 2024/25"]
[Site "?"]
[Date "2025.01.19"]
[Round "5.1"]
[White "Besancon, Pascal"]
[Black "Eichhorn, Mathilda"]
[Result "1-0"]
[WhiteElo "1867"]
[BlackElo "1757"]
[PlyCount "82"]
[EventDate "2024.09.15"]
[EventType "team-tourn"]
[EventRounds "9"]
[WhiteTeam "Schachklub Weida"]
[BlackTeam "SV Schott Jena 2"]

{[%evp 0,82,19,31,41,46,51,-2,42,29,52,28,28,3,61,69,73,40,35,18,30,10,23,1,20,30,50,53,43,-4,85,80,100,58,72,77,95,53,37,11,38,29,40,22,17,38,30,30,89,101,105,83,95,90,121,119,116,113,128,143,126,126,126,126,126,126,267,283,845,480,440,483,483,321,504,163,361,377,29991,29992,29993,1903,1939,2014,29997]} 1. e4 e6 2. d4 d5 3. Bd3 c5 4. exd5 exd5 5. Nf3 Nf6 6. O-O Be7 7. dxc5 Nc6 8. h3 Bxc5 9. Nbd2 O-O 10. Nb3 Bb6 11. Bg5 Bc7 12. Bh4 Ne5 13. Re1 Ng6 14. Bxf6 gxf6 15. Nbd4 a6 16. a4 Qd6 17. Bf5 Bd7 18. h4 Rae8 19. h5 Nh4 20. Bxd7 Rxe1+ 21. Qxe1 Nxf3+ 22. Nxf3 Qxd7 23. Qc3 Bd8 24. Rd1 Kh8 25. Qc5 Rg8 26. Qxd5 Qg4 27. g3 Bb6 28. Kg2 Rd8 29. Qxf7 Rxd1 30. Qf8+ Qg8 31. Qxf6+ Qg7 32. Qxb6 Rb1 33. h6 Qd7 34. Qf6+ Kg8 35. Qg5+ Kf8 36. Qf6+ Kg8 37. Nd4 Qf7 38. Qg5+ Kf8 39. Qd8+ Qe8 40. Ne6+ Kf7 41. Ng5+ Kf8 1-0

[Event "Landesklasse Ost 2024/25"]
[Site "?"]
[Date "2025.01.19"]
[Round "5.2"]
[White "Link, Moritz"]
[Black "Künzel, Andre"]
[Result "0-1"]
[WhiteElo "1717"]
[BlackElo "1937"]
[PlyCount "26"]
[EventDate "2024.09.15"]
[EventType "team-tourn"]
[EventRounds "9"]
[WhiteTeam "SV Schott Jena 2"]
[BlackTeam "Schachklub Weida"]

{[%evp 0,26,25,36,51,-35,-32,-46,-46,-46,-46,-47,-75,-77,-99,-65,-74,-94,-92,-171,-171,-173,-157,-201,-175,-380,-222,-354,-362]} 1. e4 c5 2. b4 cxb4 3. a3 d5 4. e5 Nc6 5. d4 Qb6 6. axb4 Qxd4 7. Qxd4 Nxd4 8. Ra2 Bf5 9. Bd3 Bxd3 10. cxd3 Nc6 11. d4 Nxb4 12. Ra4 a5 13. Nf3 b5 0-1

[Event "Landesklasse Ost 2024/25"]
[Site "?"]
[Date "2025.01.19"]
[Round "5.3"]
[White "Schlierf, Andre"]
[Black "Bunke, Wilfried"]
[Result "1/2-1/2"]
[WhiteElo "1742"]
[BlackElo "1862"]
[PlyCount "45"]
[EventDate "2024.09.15"]
[EventType "team-tourn"]
[EventRounds "9"]
[WhiteTeam "Schachklub Weida"]
[BlackTeam "SV Schott Jena 2"]

{[%evp 0,45,36,-16,-11,-30,-24,-32,-23,-56,-43,-51,-45,-15,10,7,21,16,16,11,11,6,18,6,15,19,16,-3,16,9,27,-38,25,27,26,26,26,20,11,-5,11,11,34,0,1,-3,25,32]} 1. c4 Nf6 2. g3 e6 3. Bg2 d5 4. Qc2 Be7 5. Nf3 O-O 6. O-O c6 7. b3 b6 8. Bb2 Nbd7 9. d3 Bb7 10. Nbd2 c5 11. e3 Qc7 12. Rac1 Rac8 13. a3 Qb8 14. Qb1 Qa8 15. Rfd1 Rfd8 16. cxd5 Nxd5 17. e4 N5f6 18. h3 h6 19. Ne1 Nf8 20. Nc4 Ne8 21. Rc2 Nd6 22. Rcd2 Nxc4 23. dxc4 1/2-1/2

[Event "Landesklasse Ost 2024/25"]
[Site "?"]
[Date "2025.01.19"]
[Round "5.4"]
[White "Jordan, Gunter"]
[Black "Schumann, Robert"]
[Result "0-1"]
[WhiteElo "1785"]
[BlackElo "1852"]
[PlyCount "102"]
[EventDate "2024.09.15"]
[EventType "team-tourn"]
[EventRounds "9"]
[WhiteTeam "SV Schott Jena 2"]
[BlackTeam "Schachklub Weida"]

{[%evp 0,102,40,40,23,7,27,16,34,34,61,43,33,33,38,15,18,2,15,18,8,-4,8,10,17,11,24,-3,55,27,50,-23,-27,-25,-25,-25,-25,-27,-34,-75,-67,-120,-71,-103,-39,-54,0,-1,0,-75,0,-28,78,134,134,117,245,-68,-3,0,40,-109,263,262,269,291,445,-265,-265,-325,-317,-325,-326,-327,-266,-265,-265,-310,-299,-294,-316,-340,-314,-312,-312,-314,-327,-419,-423,-419,-435,-465,-475,-488,-496,-555,-579,-579,-597,-29995,-29996,-29997,-29998,-29999,-30000]} 1. d4 d5 2. Bf4 Nf6 3. Nf3 Nbd7 4. Nbd2 e6 5. e3 Be7 6. Bd3 O-O 7. h3 c5 8. c3 b6 9. Ne5 Nxe5 10. Bxe5 Nd7 11. Bf4 f5 12. Nf3 g5 13. Be5 Bf6 14. Bd6 Rf7 15. Ne5 Nxe5 16. dxe5 Be7 17. Bxe7 Qxe7 18. Qh5 Bb7 19. f4 Rg7 20. Rg1 d4 21. g4 fxg4 22. Rxg4 Bf3 23. Bxh7+ Kf8 24. Qh6 Bxg4 25. hxg4 Ke8 26. Bg6+ Kd7 27. f5 exf5 28. e6+ Kxe6 29. Bxf5+ Kf7 30. e4 dxc3 31. O-O-O cxb2+ 32. Kb1 Rd8 33. Rf1 Qe5 34. Qc6 Qd6 35. Qb7+ Kg8 36. Qa6 Qd3+ 37. Qxd3 Rxd3 38. e5 Rd2 39. Be6+ Kh7 40. Bf5+ Kg8 41. Be6+ Kh7 42. Bf5+ Kh8 43. e6 Re7 44. Rh1+ Kg7 45. Rh7+ Kf6 46. Rh6+ Ke5 47. Rg6 c4 48. Rxg5 c3 49. Rh5 Rd1+ 50. Kc2 b1=Q+ 51. Kxc3 Rc7# 0-1

[Event "Landesklasse Ost 2024/25"]
[Site "?"]
[Date "2025.01.19"]
[Round "5.5"]
[White "Wagner, Uwe"]
[Black "Hirsch, Tilo"]
[Result "1/2-1/2"]
[WhiteElo "1707"]
[BlackElo "1711"]
[PlyCount "43"]
[EventDate "2024.09.15"]
[EventType "team-tourn"]
[EventRounds "9"]
[WhiteTeam "Schachklub Weida"]
[BlackTeam "SV Schott Jena 2"]

{[%evp 0,43,36,16,63,41,36,36,52,48,48,23,43,41,36,11,56,55,67,56,49,55,53,23,61,68,79,74,65,78,118,118,118,100,90,80,84,81,77,71,85,75,53,60,73,86]} 1. Nf3 f5 2. b3 Nf6 3. Bb2 g6 4. e3 Bg7 5. d4 O-O 6. c4 e6 7. Nc3 d5 8. Rc1 c6 9. Be2 Nbd7 10. O-O Ne4 11. Rc2 Ndf6 12. Nxe4 Nxe4 13. Ne5 Bd7 14. Qe1 Rf6 15. Ba3 Be8 16. Bd1 Nd6 17. c5 Nf7 18. Nd3 Qc7 19. Bb2 g5 20. f3 Rh6 21. Qg3 Rc8 22. Qxc7 1/2-1/2

[Event "Landesklasse Ost 2024/25"]
[Site "?"]
[Date "2025.01.19"]
[Round "5.6"]
[White "Crecelius, Carlo"]
[Black "Heine, Mario"]
[Result "0-1"]
[WhiteElo "1650"]
[BlackElo "1717"]
[PlyCount "86"]
[EventDate "2024.09.15"]
[EventType "team-tourn"]
[EventRounds "9"]
[WhiteTeam "SV Schott Jena 2"]
[BlackTeam "Schachklub Weida"]

1. d4 d6 2. c4 Nf6 3. g3 Nbd7 4. Bg2 c6 5. Nf3 e5 6. d5 cxd5 7. cxd5 Be7 8. O-O O-O 9. Nc3 Nb6 10. Re1 Bg4 11. e4 Qd7 12. Be3 Nc4 13. Qe2 Nxe3 14. Qxe3 a6 15. Nh4 Ne8 16. f4 exf4 17. Qxf4 g5 18. Qe3 gxh4 19. e5 dxe5 20. Qxe5 Bf6 21. Qf4 Qf5 22. Qb4 Bxc3 23. bxc3 Nf6 24. Qd4 Qg6 25. Rf1 Nh5 26. Be4 f5 27. Bd3 hxg3 28. d6 gxh2+ 29. Kxh2 Nf6 30. Bc4+ Kg7 31. Rae1 Kh6 32. Rh1 Qg5 33. Re3 Rae8 34. Kg2+ Kg6 35. Rhe1 Rxe3 36. Rxe3 Ne4 37. d7 Be2+ 38. Kh2 Qf4+ 39. Kg2 Qf2+ 40. Kh1 Bf3+ 41. Rxf3 Qxf3+ 42. Kh2 Qg3+ 43. Kh1 Nf2+ 0-1